000 00606cam a22001934a 4500
020 _a1588264289 (hardcover : alk. paper)
020 _a158826405X (pbk. : alk. paper)
040 _cDLC
082 0 0 _a320 LYN 2006 A020 Or.
245 0 0 _aDemocracy rising :
_bassessing the global challenges /
260 _aBoulder, Colo. :
_bLynne Rienner Publishers,
_c2006.
300 _avii, 173 p. ;
_c24 cm.
650 0 _aDemocracy
650 0 _aComparative government
650 0 _aWorld politics
700 1 _aMuñoz, Heraldo.
856 4 1 _uhttp://www.loc.gov/catdir/toc/ecip0515/2005019727.html
942 _cEK
999 _c12775
_d12775